| 000 | 00762nam a22002177a 4500 | ||
|---|---|---|---|
| 005 | 2010080308298.0 | ||
| 010 | _aENG-97654 | ||
| 020 |
_a9788182930674 _c950.00 |
||
| 020 |
_a8182930677 _c950.00 |
||
| 035 | _aEN-81137 | ||
| 037 | _bDBAD/PUB | ||
| 082 | _a581.63 | ||
| 100 |
_aGonsalves, John _94725 |
||
| 245 |
_aEconomic botany and ethnobotany / _cby John Gonsalves |
||
| 260 |
_aNew Delhi _bInternational Scientific Publishing Academy _c2010 |
||
| 270 |
_a4594/9, Darya Ganj _bNew Delhi _e110002 |
||
| 300 |
_axvi,281p. _c22cm (Hb) |
||
| 650 |
_aBotany _94726 |
||
| 942 |
_2ddc _cEN _h581.63 _mGON |
||
| 999 |
_c38845 _d38845 |
||